Представление документа в формате RUSMARC

ПолеНазваниеЗначение
  Тип записи a
  Библиографический уровень m
001 Контрольный номер Book/12286
005 Дата корректировки 20240209174441.9
010 Индекс ISBN __
a ISBN 978-5-9555-1250-1
b Уточнения в пер.
d Цена 367 р. 00 к.
9 Тираж 7 000 экз.
090 Данные записи __
a Состояние записи 63.3(0)
b Тип записи Книги
c Язык записи Русский
d Отрасль знаний (КСУ) Другая
e Секретность Несекретно
g Вид записи Монография (однотомник)
x Дата передачи записи для обработки Г60
100 Данные общей обработки __
a Данные общей обработки 20111003d2013 u u 1rusy ||||ca
101 Язык документа 0_
a Язык текста rus
105 Кодированные данные (монография) __
a Кодированные данные (монография) a z 000yy
200 Заглавие и сведения об ответственности 1_
a Заглавие Чудеса света
b Общее обозначение материала Текст
f Первые сведения об ответственности И. А. Голицына
g Последующие сведения об ответственности худож. Ю. М. Сковородников
210 Выходные данные 1_
a Место издания Москва
c Издательство Дрофа-Плюс
d Дата издания 2008
215 Физическое описание __
a Объем 156 с.
c Иллюстрации/тип воспроизводства ил.
225 Серия 1_
a Серия Познаем мир
300 Общие примечания __
a Общие примечания Ограничения по возрасту - 6+ ; (Мл)
300 Общие примечания __
a Общие примечания И. Голицына - псевдоним И. А. Андриановой -Голицыной
606 Тематические рубрики 0_
a Основная рубрика Всемирная история - Чудеса света
610 Ключевые слова 0_
a Ключевые слова литература детская
a Ключевые слова история всемирная
a Ключевые слова чудеса света
686 Индексы других классификаций __
a Классификационный индекс 63.3(0)
2 Код системы rubbk
700 Автор _1
a Фамилия Голицына
b Имя (инициалы) Ирина Анатольевна
g Полное личное имя И. А.
801 Источник записи _0
a Страна RU
b Организация МБУК ЦБС г. Ульяновска
c Дата составления 20111004
801 Источник записи _1
a Страна RU
b Организация МБУК ЦБС г. Ульяновска
c Дата составления 20111004
899 Данные о местонахождении __
3 Книга № 24812
a Местонахождение ЦПВ
i Авторский знак Г 60
j Расстановочный фильтр 63.3(0)
d Название фонда Инв.книга №1
q Состояние Свободно
x Инвентарный номер 126406
899 Данные о местонахождении __
3 Книга № 24813
a Местонахождение 20 ф
i Авторский знак Г60
d Название фонда Инв.книга №1
h Классификационная часть РШ 63.3(0)
q Состояние Свободно
x Инвентарный номер 126406
899 Данные о местонахождении __
3 Книга № 24814
a Местонахождение 23 ф
i Авторский знак Г60
d Название фонда Инв.книга №1
h Классификационная часть РШ 63.3(0)
q Состояние Свободно
x Инвентарный номер 126406
899 Данные о местонахождении __
3 Книга № 24815
a Местонахождение 26 ф
i Авторский знак Г60
d Название фонда Инв.книга №1
h Классификационная часть РШ 63.3(0)
q Состояние Свободно
x Инвентарный номер 126406
899 Данные о местонахождении __
3 Книга № 24816
a Местонахождение 35 ф
i Авторский знак Г60
d Название фонда Инв.книга №1
h Классификационная часть РШ 63.3(0)
q Состояние Свободно
x Инвентарный номер 126406
901 Тип документа __
t Тип документа m
910 Корректоры записи __
a Корректор записи Скрипина